000 01500nam0a2200301 i 4500
001 RU\NLR\BIBL_A\010559411
005 20260407090316.0
021 _aRU
_b2014-75173
_94606
035 _a(NILC)RuMoRGB-007563261
035 _a(NLR Aleph) 010559411
090 _a10372891
_c10372891
100 _a20141208d2014 um y0rusy50 ca
101 0 _arus
102 _aRU
105 _aa|||z||||01yy
200 1 _aЭмпиема плевры
_eметодические указания
_fМ-во образования и науки Рос. Федерации, Федер. гос. бюджет. образоват. учреждение высш. проф. образования "Чуваш. гос. ун-т им. И. Н. Ульянова"
_g[сост.: Г. Н. Краснов]
210 _aЧебоксары
_cИзд-во Чувашского университета
_d2014
215 _a23, [1] с.
_cил.
_d20
320 _aБиблиогр.: с. 23 (9 назв.)
606 1 _aЭмпиема плевры
_jМетодические пособия
_91407174
_3RU\NLR\AUTH\66592633
686 1 _aР457.365.230.14я8
702 1 _aКраснов
_bГ. Н.
_gГерасим Николаевич
_4220
712 0 2 _4570
_aЧувашский государственный университет им. И. Н. Ульянова
_cЧебоксары
_3RU\NLR\AUTH\8814249
_9301657
942 _cBOOK
980 _aNBR